000 00187 a2200085 4500
020 _a9783966800280
100 _aJANA REVEDIN
245 _aARCHITECTURE IS EDUCATION :
260 _bARCHITANGLE
999 _c13151
_d13151